000 00568pam a2200193 a 4500
020 _a3131275928
_c3075.00
041 _aeng
_hNULL
082 _a616.0757
_bHOF/ANT
100 _aHOFER, M .
245 _aTEACHING MANUAL OF COLOURDUPLEX SONOGRAPHY : A WORK BOOK ON COLOUR DUPLEX ULTRASOUND AND ECHOCARDIOGRAPHY /
_cNULL.
_hTextual Documents
250 _a2 /
_b.
260 _aNULL :
_bTHEIME ,
_c2004.
300 _a108 ;
_cA4.
365 _a3075.00
700 _aANTOCH, G .
_aDIETZ, A .
930 _a3607
999 _c798141
_d798141
650 _aRADIOLOGY